| 000 | 02270cam a22005534i 4500 | ||
|---|---|---|---|
| 003 | PE-LiUPU | ||
| 005 | 20250731173551.0 | ||
| 008 | 150616s1994 inu r 000 0 eng d | ||
| 020 | _a0931464889 | ||
| 020 | _a9780931464881 | ||
| 035 | _a(Sirsi) i9780931464881 | ||
| 040 |
_aPE-LiUPU _bspa _cPE-LiUPU _erda |
||
| 049 | _aPRUA | ||
| 082 | 0 | 4 |
_a222.1106 _bS74 _221 |
| 245 | 0 | 0 |
_aI Studied Inscriptions from Before the Flood : _bancient Near Eastern, literary, and linguistic approaches to Genesis 1-1 / _cEditado por Richard S. Hess y David Toshio Tsumura. |
| 264 | 1 |
_aWinona Lake, Indiana : _bEisenbrauns, _c1994. |
|
| 300 |
_axvi, 480 páginas ; _c24 centímetros. |
||
| 336 |
_atext _2rdacontent |
||
| 337 |
_aunmediated _2rdamedia |
||
| 338 |
_avolume _2rdacarrier |
||
| 490 | 0 |
_aSources for Biblical and Theological Study ; _v4 |
|
| 504 | _aBibliografía al pie de páginas. | ||
| 505 | 0 | _aAncient near eastern and comparative approaches -- Literary and linguistic approaches -- Indexes. | |
| 526 | _aSEG42 | ||
| 526 | _aSEG41 | ||
| 526 | _aSEG40 | ||
| 526 | _aSEG39 | ||
| 526 | _aP94 | ||
| 526 | _aP87 | ||
| 526 | _aP86 | ||
| 526 | _aP85 | ||
| 526 | _aP77 | ||
| 526 | _aP76 | ||
| 526 | _aP35 | ||
| 630 |
_aBiblia. _pA.T. _PG énesis 1-11 _xHistoriografía. |
||
| 700 | 1 |
_aHess, Richard S., _eeditor. |
|
| 700 | 1 |
_aToshio Tsumura, David, _eeditor. |
|
| 910 |
_ajck _bjvq _cjck |
||
| 910 |
_adbm _bncf _cncf _d20190605 |
||
| 942 |
_2ddc _cBOOK |
||
| 949 |
_a222.1106 S74 _wDEWEY _c1 _i48231 _lCCODEBUL1 _mBUL _r0 _sY _tBOOK _u2015-4-23 _xTEOLOGIA _zUNKNOWN _0COMPRA _o.STAFF. Colección Teología |
||
| 949 |
_a222.1106 S74 _wDEWEY _c2 _i43143 _lCCODEBUL1 _mBUL _r0 _sY _tBOOK _u2015-6-16 _xTEOLOGIA _zUNKNOWN _0COMPRA _o.STAFF. Colección Teología |
||
| 994 |
_aC0 _bPEPRU |
||
| 596 | _a1 | ||
| 999 |
_a222.1106 S74 _wDEWEY _c61100 _i48231 _f2021-11-9 _g7 _lCCODEBUL1 _mBUL _p50.00 _r0 _sY _tBOOK _u2015-4-23 _xTEOLOGIA _PP35 _0COMPRA _o.STAFF. Colección Teología _d61100 |
||
| 999 |
_a222.1106 S74 _wDEWEY _c2 _i43143 _f2021-11-9 _g6 _lCCODEBUL1 _mBUL _p50.00 _r0 _sY _tBOOK _u2015-6-16 _xTEOLOGIA _PP35 _0COMPRA _o.STAFF. Colección Teología |
||
| 980 |
_81 _gALBERTO SANCHEZ Responsable de Automatización |
||